El concurso del consumidor (Registro nro. 30508)

Detalles MARC
000 -LEADER
fixed length control field 00316 a2200109 4500
001 - CONTROL NUMBER
control field ART_41160
005 - DATE AND TIME OF LATEST TRANSACTION
control field 20260410161952.0
008 - FIXED-LENGTH DATA ELEMENTS--GENERAL INFORMATION
fixed length control field 260409a
100 1# - MAIN ENTRY--PERSONAL NAME
Personal name Dasso, Ariel A.
245 10 - TITLE STATEMENT
Title El concurso del consumidor
773 0# - HOST ITEM ENTRY
Title Temas de derecho comercial
Related parts - Año 3, Nº 2 (feb. 2017)
Record control number REV28151

No hay ítems disponibles.